[Event "ch-FRA Blitz Online Qual"]
[Site "Europe-Chess INT"]
[Date "2020.05.16"]
[Round "3"]
[White "Mathieu, Phileas"]
[Black "Villegas, Pierre"]
[Result "0-1"]
[BlackTitle "IM"]
[WhiteElo "2214"]
[BlackElo "2364"]
[WhiteFideId "36048410"]
[BlackFideId "654183"]
[EventDate "2020.05.16"]

1. e4 c6 2. Nc3 d5 3. Nf3 Bg4 4. h3 Bxf3 5. Qxf3 e6 6. g3 Nf6 7. Bg2 Bc5 8. d3
Nbd7 9. O-O O-O 10. Qe2 Bd4 11. Nb1 e5 12. c3 Bb6 13. Na3 Re8 14. Nc2 h6 15. Be3
Nf8 16. Rad1 Ng6 17. Bxb6 Qxb6 18. Ne3 Rad8 19. Nf5 Ne7 20. Nxe7+ Rxe7 21. exd5
cxd5 22. d4 e4 23. Rfe1 Rde8 24. Qd2 Qd6 25. Re3 Nh5 26. Qe2 g6 27. Re1 f5 28.
Qc2 f4 29. gxf4 Nxf4 30. Qb3 Kh8 31. c4 dxc4 32. Qxc4 Qf6 33. Qc2 Nd3 34. R1e2
Qxd4 35. Qd2 Qf6 36. Bxe4 Nf4 37. Rf3 Nxe2+ 38. Qxe2 Qg5+ 39. Rg3 Rxe4 40. Qd3
Qf6 41. Qd7 R4e7 42. Qd5 Re5 43. Qd3 Re1+ 44. Kg2 Rf8 45. f3 Rfe8 46. Rxg6 R8e2+
47. Kg3 Rg1# 0-1

[Event "ch-FRA Blitz Online Qual"]
[Site "Europe-Chess INT"]
[Date "2020.05.16"]
[Round "3"]
[White "Bijaoui, Manuel"]
[Black "Dumas, Charles"]
[Result "1-0"]
[WhiteTitle "IM"]
[WhiteElo "2411"]
[BlackElo "2284"]
[WhiteFideId "626783"]
[BlackFideId "675733"]
[EventDate "2020.05.16"]

1. e4 c5 2. Nf3 Nc6 3. Bb5 g6 4. Bxc6 bxc6 5. O-O Bg7 6. c3 Nf6 7. Re1 O-O 8. h3
d6 9. d4 cxd4 10. cxd4 d5 11. exd5 cxd5 12. Nc3 Bf5 13. Ne5 Ne4 14. Na4 Rc8 15.
f3 Nd6 16. b3 Qc7 17. Bf4 Qc2 18. Nc5 Nb5 19. g4 Qxd1 20. Raxd1 Bc2 21. Rd2 Nxd4
22. Rxd4 Rxc5 23. Rc1 Rfc8 24. Rb4 Rc3 25. Kf2 e6 26. Rb7 R3c7 27. Rxc7 Rxc7 28.
Nc4 e5 29. Bxe5 Bxe5 30. Nxe5 Rc8 31. Nd3 Kg7 32. Nb4 Bf5 33. Rxc8 Bxc8 34. Nxd5
Bb7 35. Nc3 Kf6 36. f4 Ke6 37. Ke3 Kd6 38. Ne4+ Ke7 39. g5 Kf8 40. h4 Kg7 41.
Kd4 h6 42. Nf6 hxg5 43. hxg5 Kf8 44. Kc5 Ke7 45. b4 Ke6 46. Ne8 Bf3 47. Nd6 Bg2
48. a4 f6 49. b5 fxg5 50. fxg5 Ke5 51. a5 Kf4 52. b6 axb6+ 53. Kxb6 Kxg5 54. a6
Ba8 55. Nb7 Kf6 56. Ka7 g5 57. Kxa8 g4 58. Nd6 Ke5 59. Nc4+ Kd4 60. Nd2 g3 61.
Nf3+ Ke3 62. Nh4 1-0

[Event "ch-FRA Blitz Online Qual"]
[Site "Europe-Chess INT"]
[Date "2020.05.16"]
[Round "3"]
[White "Bujisho, Benjamin"]
[Black "Robert, Mathias"]
[Result "1-0"]
[WhiteTitle "IM"]
[WhiteElo "2290"]
[BlackElo "2140"]
[WhiteFideId "608610"]
[BlackFideId "26066769"]
[EventDate "2020.05.16"]

1. Nf3 Nf6 2. g3 b6 3. Bg2 Bb7 4. O-O e6 5. c4 c5 6. e3 d6 7. b3 Be7 8. Bb2 Nbd7
9. Qe2 O-O 10. d3 Qc7 11. Nbd2 Rad8 12. Rac1 Qb8 13. Rfe1 d5 14. cxd5 exd5 15.
d4 Rfe8 16. Red1 Ne4 17. dxc5 bxc5 18. Nxe4 dxe4 19. Nd2 Bf6 20. Bxf6 Nxf6 21.
Rxc5 Qd6 22. Rcc1 Qe6 23. Nc4 Nd5 24. Rd4 Nb4 25. Na5 Rxd4 26. exd4 Nd3 27. Rc3
Ba8 28. Qe3 h6 29. h3 Rd8 30. Nc4 f5 31. Ne5 Bd5 32. Nxd3 exd3 33. Qxe6+ Bxe6
34. Rxd3 Rc8 35. d5 Bd7 36. Rd2 Rc1+ 37. Kh2 Kf7 38. f4 Ke7 39. d6+ Kd8 40. Bf3
Bc6 41. Kg2 Kd7 42. Bxc6+ Rxc6 43. Kf3 Rc3+ 44. Kf2 g6 45. Kg2 Rc6 46. Kf2 Rc3
47. b4 a6 48. Kg2 Rc4 49. a3 Rc3 50. h4 Rxa3 51. h5 gxh5 52. Rd5 Rb3 53. Rxf5
Rxb4 54. Rxh5 Rb2+ 55. Kf3 Rb3+ 56. Kg4 Rb6 57. Rxh6 a5 58. Rh7+ Kxd6 59. Ra7
Rb5 60. f5 Kc6 61. Kg5 Kb6 62. Ra8 Kb7 63. Re8 a4 64. g4 a3 65. Re1 Ra5 66. Kg6
a2 67. Ra1 Kc7 68. f6 Kd7 69. f7 Ke7 1-0

[Event "ch-FRA Blitz Online Qual"]
[Site "Europe-Chess INT"]
[Date "2020.05.16"]
[Round "3"]
[White "Denjoy, Arnaud"]
[Black "Glek, Igor"]
[Result "0-1"]
[BlackTitle "GM"]
[WhiteElo "2166"]
[BlackElo "2475"]
[WhiteFideId "26071185"]
[BlackFideId "4100484"]
[EventDate "2020.05.16"]

1. d4 e6 2. e4 d5 3. Nd2 a6 4. Ngf3 c5 5. exd5 exd5 6. Be2 Nc6 7. O-O h6 8. Re1
Be6 9. Bf1 Nf6 10. c3 c4 11. b3 cxb3 12. axb3 Bd6 13. c4 O-O 14. Ne5 Nxd4 15.
Bb2 Nc6 16. Ndf3 Nxe5 17. Nxe5 Rc8 18. Qf3 Re8 19. Rad1 Bb4 20. Re3 Bc5 21. Red3
d4 22. b4 Bxb4 23. Rxd4 Qc7 24. Rh4 Bd6 25. Re1 Nh7 26. Rhe4 Ng5 27. Qe3 Nxe4
28. Qxe4 f6 29. Bd3 f5 30. Qh4 Bxc4 31. Rc1 Bxe5 32. Bxc4+ Kh7 33. Ba3 Bc3 34.
Bd3 Qe5 35. Qh3 g6 36. Qf3 Rc6 37. h4 Rec8 38. h5 Bd4 39. hxg6+ Kxg6 40. Rxc6+
Rxc6 41. g4 Kg5 42. gxf5 Qf4 43. Be7+ Bf6 44. Qg2+ Qg4 45. Qxg4+ Kxg4 46. Kg2
Bxe7 0-1

[Event "ch-FRA Blitz Online Qual"]
[Site "Europe-Chess INT"]
[Date "2020.05.16"]
[Round "3"]
[White "Di Nicolantonio, Lucas"]
[Black "Carvallo, Henri"]
[Result "1-0"]
[WhiteTitle "IM"]
[WhiteElo "2414"]
[BlackElo "2069"]
[WhiteFideId "680460"]
[BlackFideId "619914"]
[EventDate "2020.05.16"]

1. e4 d6 2. d4 Nf6 3. Nc3 e5 4. Nf3 Nbd7 5. Rg1 Be7 6. g4 g6 7. g5 Nh5 8. Be3 c6
9. Qd2 b5 10. O-O-O Qa5 11. Kb1 b4 12. Ne2 c5 13. dxe5 dxe5 14. Bh3 Nb6 15. Bxc8
Rxc8 16. Nxe5 O-O 17. Ng3 Ng7 18. Qe2 c4 19. f4 c3 20. b3 Bc5 21. Ng4 Rc6 22. h4
Nc8 23. Rd5 Ra6 24. a4 Ne6 25. f5 Nb6 26. fxe6 Nxd5 27. exd5 fxe6 28. Re1 exd5
29. Bxc5 Qxc5 30. Qxa6 d4 31. Nf6+ Kh8 32. Qb7 Rxf6 33. gxf6 1-0

[Event "ch-FRA Blitz Online Qual"]
[Site "Europe-Chess INT"]
[Date "2020.05.16"]
[Round "3"]
[White "Rakotomaharo, Fy Antenaina"]
[Black "Nicolas, Guillaume"]
[Result "1-0"]
[WhiteTitle "IM"]
[WhiteElo "2422"]
[BlackElo "2143"]
[WhiteFideId "13100050"]
[BlackFideId "20646607"]
[EventDate "2020.05.16"]

1. e4 e6 2. d4 d5 3. Nc3 Bb4 4. e5 c5 5. a3 Bxc3+ 6. bxc3 Ne7 7. h4 Nbc6 8. h5
Qa5 9. Bd2 cxd4 10. cxd4 Qa4 11. c3 Qxd1+ 12. Rxd1 h6 13. g4 Bd7 14. Bd3 Rc8 15.
Ne2 Na5 16. Rb1 b6 17. f4 Nc4 18. Bc1 f5 19. Rg1 O-O 20. g5 Kh7 21. Kf2 Nc6 22.
Rg3 Rg8 23. Ng1 N6a5 24. Nf3 b5 25. Nh4 a6 26. Ng6 Rge8 27. Nh4 Nb6 28. Bd2 Na4
29. Rbg1 Rg8 30. Ng6 Rge8 31. gxh6 gxh6 32. Nf8+ Rxf8 33. Rg7+ Kh8 34. Rxd7 Rg8
35. Rxg8+ Rxg8 36. Rd6 Nb2 37. Be2 Nac4 38. Rxe6 Nxd2 39. Rxh6+ Kg7 40. Rxa6
Ne4+ 41. Ke3 Kh7 42. Ra7+ Kh6 43. Ra6+ Kh7 44. Ra7+ Rg7 45. Rxg7+ Kxg7 46. Bxb5
Nd1+ 47. Kd3 Ndf2+ 48. Kc2 Nh3 49. e6 Nxf4 50. e7 Nd6 51. e8=Q Nxe8 52. Bxe8 Ne6
53. a4 f4 54. a5 f3 55. Kd2 Nc7 56. Bc6 Kh6 57. Bb7 Kxh5 58. Ke3 Kg4 59. Kf2 Ne6
60. Bxd5 Nf4 61. Bxf3+ 1-0

[Event "ch-FRA Blitz Online Qual"]
[Site "Europe-Chess INT"]
[Date "2020.05.16"]
[Round "3"]
[White "Papadiamandis, Elliot"]
[Black "Riff, Vincent"]
[Result "1/2-1/2"]
[BlackTitle "FM"]
[WhiteElo "2269"]
[BlackElo "2405"]
[WhiteFideId "36074160"]
[BlackFideId "617776"]
[EventDate "2020.05.16"]

1. e4 c5 2. Nc3 Nc6 3. Nf3 g6 4. Bb5 Bg7 5. O-O d6 6. e5 dxe5 7. Bxc6+ bxc6 8.
Re1 f6 9. d3 Nh6 10. Be3 O-O 11. Bxc5 Nf5 12. a4 Re8 13. b3 Nd6 14. Ne4 Be6 15.
Qd2 Bf7 16. Rad1 h6 17. h3 Kh7 18. Qb4 Rb8 19. Qd2 Ra8 20. Qb4 Rb8 21. Qd2 1/2-1/2

[Event "ch-FRA Blitz Online Qual"]
[Site "Europe-Chess INT"]
[Date "2020.05.16"]
[Round "3"]
[White "Brunner, Nicolas"]
[Black "Lambert, Adrien"]
[Result "1-0"]
[WhiteTitle "IM"]
[WhiteElo "2428"]
[BlackElo "2123"]
[WhiteFideId "620246"]
[BlackFideId "624772"]
[EventDate "2020.05.16"]

1. d4 g6 2. c4 Bg7 3. e4 d6 4. Nc3 e5 5. Nf3 exd4 6. Nxd4 Nc6 7. Be3 Nge7 8. h4
f5 9. h5 fxe4 10. hxg6 hxg6 11. Rxh8+ Bxh8 12. Nxe4 Nf5 13. Bg5 Qd7 14. Nxc6
Qxc6 15. Qe2 Kf7 16. O-O-O Bd7 17. Qf3 Kg8 18. Bd3 d5 19. Nc3 d4 20. Qxc6 Bxc6
21. Nd5 Bxd5 22. cxd5 Re8 23. g4 Nd6 24. Bxg6 Re5 25. f4 Rxd5 26. f5 Ne4 27. Bf4
d3 28. f6 Nxf6 29. Bxd3 Rc5+ 30. Kb1 Nd5 31. Bc1 a5 32. g5 a4 33. a3 Rc6 34. g6
Rb6 35. Ka2 Be5 36. Bc4 c6 37. Bxd5+ cxd5 38. Rxd5 Bg3 39. Rg5 Bd6 40. Rg4 Ra6
41. Bd2 b5 42. Bc3 Bf8 43. g7 Be7 44. Re4 Ra7 45. Re5 Bf6 46. Rxb5 Kxg7 47. Rg5+
Kf7 48. Rf5 Ra6 49. Bxf6 Rxf6 50. Ra5 Rf4 51. Kb1 Ke6 52. Kc2 Kd6 53. Rb5 Kc6
54. Rb8 Kc5 55. Kc3 Rf3+ 56. Kc2 Rf2+ 57. Kd3 Rf3+ 58. Ke2 Rh3 59. Rb4 Rh2+ 60.
Kd3 Rg2 61. Kc3 Rg3+ 62. Kc2 Rg2+ 63. Kb1 Rf2 64. Rxa4 Kb5 65. Rb4+ Ka5 66. Re4
Kb6 67. Ka2 Ka5 68. Re5+ Kb6 69. a4 Ka6 70. Ka3 Kb6 71. b3 Ka6 72. Re4 Kb6 73.
Kb4 Ka6 74. Re6+ 1-0

[Event "ch-FRA Blitz Online Qual"]
[Site "Europe-Chess INT"]
[Date "2020.05.16"]
[Round "3"]
[White "Colin, Vincent"]
[Black "Lorans, Sylvain"]
[Result "1-0"]
[WhiteTitle "IM"]
[WhiteElo "2372"]
[BlackElo "2086"]
[WhiteFideId "612324"]
[BlackFideId "605794"]
[EventDate "2020.05.16"]

1. e4 e5 2. Nf3 Nc6 3. Bc4 Nf6 4. d3 h6 5. O-O d6 6. c3 g5 7. b4 Bg7 8. a4 O-O
9. a5 a6 10. Na3 d5 11. exd5 Nxd5 12. Qb3 Nf4 13. Bxf4 gxf4 14. Bd5 Ne7 15. Bc4
Ng6 16. Rfe1 Bg4 17. Nd2 f3 18. g3 Qg5 19. Bd5 Qxd2 20. Re3 Nf4 21. gxf4 exf4
22. Re7 1-0

[Event "ch-FRA Blitz Online Qual"]
[Site "Europe-Chess INT"]
[Date "2020.05.16"]
[Round "3"]
[White "Debray, Christopher"]
[Black "Richard, Emma"]
[Result "1-0"]
[WhiteTitle "IM"]
[BlackTitle "WFM"]
[WhiteElo "2376"]
[BlackElo "2160"]
[WhiteFideId "630810"]
[BlackFideId "657590"]
[EventDate "2020.05.16"]

1. d4 Nf6 2. c4 e6 3. g3 Bb4+ 4. Nd2 c5 5. a3 Ba5 6. dxc5 Bxd2+ 7. Bxd2 Ne4 8.
Be3 O-O 9. Bg2 Nf6 10. Nf3 Nc6 11. b4 Ng4 12. Bf4 e5 13. Bc1 e4 14. Nd4 Qf6 15.
Be3 Nxe3 16. fxe3 Qg6 17. O-O Ne5 18. Qc2 Ng4 19. Qxe4 Qxe4 20. Bxe4 Nxe3 21.
Rfc1 Ng4 22. Nb5 Nf6 23. Bf3 Rb8 24. Nxa7 b6 25. c6 dxc6 26. Nxc6 Rb7 27. c5
bxc5 28. Rxc5 Rd7 29. a4 Rd2 30. Ne7+ 1-0

[Event "ch-FRA Blitz Online Qual"]
[Site "Europe-Chess INT"]
[Date "2020.05.16"]
[Round "3"]
[White "Jolly, Jean-Francois"]
[Black "Ribiere, Damien"]
[Result "1-0"]
[WhiteTitle "IM"]
[WhiteElo "2378"]
[BlackElo "2083"]
[WhiteFideId "634751"]
[BlackFideId "26041634"]
[EventDate "2020.05.16"]

1. e4 d6 2. d4 Nf6 3. Nc3 g6 4. Bg5 c6 5. Qd2 b5 6. Bd3 Nbd7 7. f4 Nb6 8. O-O-O
Bg7 9. Nf3 O-O 10. e5 dxe5 11. fxe5 Nfd5 12. Ne4 f6 13. Bh6 a5 14. Bxg7 Kxg7 15.
Nc5 Nc4 16. Bxc4 bxc4 17. c3 a4 18. a3 Qb6 19. Rhe1 Ra7 20. Qc2 Bf5 21. Qd2 Rb8
22. h3 h5 23. Rg1 Rh8 24. g4 hxg4 25. hxg4 Bc8 26. exf6+ exf6 27. g5 f5 28. Rde1
Rf7 29. Ne5 Re7 30. Nxc4 Qc7 31. Rxe7+ Qxe7 32. Re1 Qc7 33. Qe2 Qf4+ 34. Kb1
Qxg5 35. Nd6 Qf6 36. Nc4 g5 37. Ne5 f4 38. Rg1 Bf5+ 39. Ka1 Ne3 40. Qf3 Nc2+ 41.
Ka2 Ne3 42. Qxc6 Qxc6 43. Nxc6 Bg6 44. Rxg5 f3 45. Ne5 f2 46. Rxg6+ Kh7 47. Rf6
f1=Q 48. Rxf1 Nxf1 49. Nxa4 Kg7 50. Nc5 Ne3 51. a4 Nd5 52. Kb3 Rb8+ 53. Kc2 Ra8
54. b4 Kf6 55. a5 Ke7 56. Kb3 Kd6 57. c4 Ne3 58. Ned3 Nf5 59. Kc3 Kc7 60. d5 Kd6
61. Ne4+ Kc7 62. c5 Rd8 63. d6+ Kc6 64. Nd2 Kb5 65. Nb3 Rd7 66. Ne5 Rd8 67. Nf3
Rh8 68. Nfd4+ Nxd4 69. Nxd4+ Ka6 70. Kc4 Kb7 71. c6+ Kc8 72. b5 Rh6 73. Kc5 Rh5+
74. Kb6 Rh8 75. Nb3 Kb8 76. Nc5 Kc8 77. d7+ 1-0

[Event "ch-FRA Blitz Online Qual"]
[Site "Europe-Chess INT"]
[Date "2020.05.16"]
[Round "3"]
[White "Popov, Konstantin"]
[Black "Okhotnik, Vladimir"]
[Result "1-0"]
[WhiteTitle "FM"]
[BlackTitle "GM"]
[WhiteElo "2366"]
[BlackElo "2359"]
[WhiteFideId "34137910"]
[BlackFideId "14101289"]
[EventDate "2020.05.16"]

1. e4 c6 2. Nc3 g6 3. d4 Bg7 4. Bc4 d5 5. exd5 b5 6. Bb3 b4 7. Nce2 cxd5 8. a3
bxa3 9. Rxa3 Nf6 10. Nf3 O-O 11. c3 Nbd7 12. O-O Nb6 13. Ne5 e6 14. Bf4 Re8 15.
h3 Bb7 16. Nc1 Nfd7 17. Ncd3 Nxe5 18. Bxe5 f6 19. Bh2 Bf8 20. Ra2 a5 21. Qa1 Ba6
22. Bc2 a4 23. Qc1 Bc4 24. Ra1 Qc8 25. Re1 Bxd3 26. Bxd3 Nc4 27. Re2 Qc6 28. h4
Bg7 29. h5 g5 30. Qc2 f5 31. g4 f4 32. Bxh7+ Kh8 33. h6 Bf6 34. Qg6 Rf8 35. Rae1
Rae8 36. Qd3 Re7 37. Bg6 Rb8 38. Bf5 Rbe8 39. Bg6 Rf8 40. Bf5 Rfe8 41. Bg6 Rb8
42. Bh5 Qd7 43. Qg6 Rf8 44. Bxf4 gxf4 45. g5 Bxg5 46. Qxg5 Rg8 47. Bg6 Qe8 48.
Qf6+ Rgg7 49. Qxg7+ Rxg7 50. hxg7+ Kxg7 51. Bxe8 Kf6 52. Bd7 Ke7 53. Bxe6 Kd6
54. Bf5 Kc6 55. Bd3 a3 56. Bxc4 a2 57. Bxa2 1-0

[Event "ch-FRA Blitz Online Qual"]
[Site "Europe-Chess INT"]
[Date "2020.05.16"]
[Round "3"]
[White "Cotonnec, Melkior"]
[Black "Pottier, Simeon"]
[Result "0-1"]
[WhiteTitle "IM"]
[WhiteElo "2300"]
[BlackElo "2186"]
[WhiteFideId "633275"]
[BlackFideId "26069296"]
[EventDate "2020.05.16"]

1. e4 c5 2. Nf3 Nc6 3. d4 cxd4 4. c3 dxc3 5. Nxc3 d6 6. Bc4 a6 7. O-O Nf6 8. e5
dxe5 9. Qxd8+ Nxd8 10. Nxe5 Be6 11. Bg5 h6 12. Bh4 g5 13. Bg3 Bg7 14. Rfe1 O-O
15. Bxe6 Nxe6 16. h4 Nh5 17. hxg5 hxg5 18. Bh2 Nhf4 19. g3 Bxe5 20. Rxe5 Nd3 21.
Re2 Rfd8 22. Kg2 Rac8 23. Bg1 b5 24. a4 b4 25. Nd1 Kf8 26. Ne3 Nc1 27. Rc2 Rxc2
28. Nxc2 Nb3 29. Re1 Rd2 30. Nxb4 Rxb2 31. Nxa6 Nbd4 32. Rc1 g4 33. Rc8+ Kg7 34.
Nc5 Nxc5 35. Rxc5 Nf3 36. Rc1 Ra2 37. Rb1 Rxa4 38. Rc1 e6 39. Rb1 f5 40. Rc1 Kg6
41. Rd1 Ra8 42. Rc1 Kf6 43. Rb1 Ra2 44. Rd1 Kg5 45. Rb1 Re2 46. Rd1 Re1 47. Rxe1
Nxe1+ 48. Kf1 Nf3 49. Kg2 Kf6 50. Kf1 Ke5 51. Kg2 Ke4 52. Kf1 Kd3 53. Kg2 Ke2
54. Kh1 Kf1 55. Bh2 Nxh2 56. Kxh2 Kxf2 57. Kh1 Kxg3 0-1

[Event "ch-FRA Blitz Online Qual"]
[Site "Europe-Chess INT"]
[Date "2020.05.16"]
[Round "3"]
[White "Antao, Amory"]
[Black "Navrotescu, Catalin"]
[Result "1-0"]
[BlackTitle "IM"]
[WhiteElo "2099"]
[BlackElo "2348"]
[WhiteFideId "36049700"]
[BlackFideId "1200208"]
[EventDate "2020.05.16"]

1. Nc3 g6 2. e4 Bg7 3. f4 d6 4. Nf3 Nf6 5. Bc4 O-O 6. d3 c6 7. Bb3 b5 8. O-O a5
9. a3 Na6 10. Qe1 b4 11. axb4 axb4 12. Ne2 d5 13. e5 Ne8 14. d4 Nec7 15. Bd2 Rb8
16. Qh4 c5 17. g4 e6 18. Qh3 Bd7 19. Ba4 1-0

[Event "ch-FRA Blitz Online Qual"]
[Site "Europe-Chess INT"]
[Date "2020.05.16"]
[Round "3"]
[White "Laurent-Paoli, Pierre"]
[Black "Morais, Mario"]
[Result "1-0"]
[WhiteTitle "FM"]
[WhiteElo "2402"]
[BlackElo "2061"]
[WhiteFideId "26017962"]
[BlackFideId "614270"]
[EventDate "2020.05.16"]

1. d4 Nf6 2. c4 c5 3. d5 e6 4. Nc3 exd5 5. cxd5 d6 6. Nf3 g6 7. Bf4 Bg7 8. Qa4+
Bd7 9. Qb3 Qc7 10. e4 O-O 11. Be2 Re8 12. Nd2 b5 13. Bxb5 Nxe4 14. Ncxe4 f5 15.
O-O fxe4 16. Nc4 Bf8 17. Rfe1 a6 18. Ba4 Bxa4 19. Qxa4 Nd7 20. Qc6 Qxc6 21. dxc6
Nf6 22. Bxd6 Re6 23. Be5 Rxc6 24. Bxf6 Rxf6 25. Rxe4 Kf7 26. Rae1 Rb8 27. b3 Bh6
28. Ne5+ Kg7 29. Nd7 1-0

[Event "ch-FRA Blitz Online Qual"]
[Site "Europe-Chess INT"]
[Date "2020.05.16"]
[Round "3"]
[White "Kuhn, Clement"]
[Black "Bulmaga, Irina"]
[Result "1-0"]
[WhiteTitle "CM"]
[BlackTitle "IM"]
[WhiteElo "2150"]
[BlackElo "2440"]
[WhiteFideId "36099775"]
[BlackFideId "13903063"]
[EventDate "2020.05.16"]

1. e4 Nf6 2. e5 Nd5 3. d4 d6 4. c4 Nb6 5. exd6 cxd6 6. Nc3 g6 7. h3 Bg7 8. Nf3
O-O 9. Be2 Bf5 10. O-O d5 11. cxd5 Nxd5 12. Nxd5 Qxd5 13. Be3 Nc6 14. Rc1 Qxa2
15. Qd2 Be6 16. Ra1 Qd5 17. Rfc1 Rfd8 18. Bc4 Qd7 19. Bxe6 Qxe6 20. Ra4 Rd5 21.
Rac4 Rad8 22. b4 Qd7 23. Rd1 e5 24. Qc2 exd4 25. Bf4 d3 26. Qb3 a6 27. Be3 Ne5
28. Nxe5 Bxe5 29. Re4 Bg7 30. Bb6 Rc8 31. Bc5 h5 32. Re7 Qf5 33. Kh2 b5 34. g3
Rcxc5 35. bxc5 Qxf2+ 36. Kh1 Qf3+ 37. Kh2 Qf2+ 38. Kh1 Qxc5 39. Rxd3 Rxd3 40.
Re8+ Kh7 41. Qxd3 Qc6+ 42. Qe4 Qc1+ 43. Kh2 Qd2+ 44. Qe2 Qd5 45. Qe4 Qd6 46. Qe7
Qd2+ 47. Kh1 Qd1+ 48. Kh2 Qf3 49. Qe4 Qf2+ 50. Qg2 Qb6 51. Qd5 b4 52. Qxf7 b3
53. Re6 1-0

[Event "ch-FRA Blitz Online Qual"]
[Site "Europe-Chess INT"]
[Date "2020.05.16"]
[Round "3"]
[White "Degraeve, Remy"]
[Black "Masset, Jacques"]
[Result "1-0"]
[WhiteTitle "FM"]
[WhiteElo "2328"]
[BlackElo "2058"]
[WhiteFideId "26024560"]
[BlackFideId "20603703"]
[EventDate "2020.05.16"]

1. d4 Nf6 2. c4 e6 3. Nc3 Bb4 4. f3 d5 5. a3 Bxc3+ 6. bxc3 O-O 7. cxd5 exd5 8.
e3 Re8 9. Bd3 b6 10. Ne2 Ba6 11. O-O Bxd3 12. Qxd3 c5 13. Ng3 c4 14. Qc2 Nc6 15.
Kh1 Na5 16. e4 Nb3 17. Rb1 dxe4 18. fxe4 Nxc1 19. Rbxc1 Qe7 20. Rce1 Qxa3 21. e5
Nd5 22. Ne4 Qb3 23. Qf2 Re6 24. Qxf7+ 1-0

[Event "ch-FRA Blitz Online Qual"]
[Site "Europe-Chess INT"]
[Date "2020.05.16"]
[Round "3"]
[White "Roussel, Simon"]
[Black "Suarez Uriel, Adrian"]
[Result "0-1"]
[BlackTitle "IM"]
[WhiteElo "2140"]
[BlackElo "2340"]
[WhiteFideId "26025710"]
[BlackFideId "22230874"]
[EventDate "2020.05.16"]

1. e4 c5 2. Nf3 Nc6 3. d4 cxd4 4. Nxd4 g6 5. Nc3 Bg7 6. Be3 Nf6 7. Nb3 O-O 8.
Be2 a5 9. a4 d6 10. O-O Be6 11. f4 Rc8 12. Bf3 Nb4 13. Nd4 Bc4 14. Re1 Nd7 15.
Qd2 e5 16. Ndb5 exf4 17. Bxf4 Ne5 18. Nxd6 Rc6 19. Rad1 Qf6 20. Bxe5 Qxe5 21.
Nxc4 Rxc4 22. Re2 Nc6 23. Nb5 Rd8 24. Qe1 Qc5+ 25. Kh1 Rxc2 26. Rxd8+ Nxd8 27.
Rxc2 Qxc2 28. Qd1 Qxd1+ 29. Bxd1 Bxb2 30. Bb3 Ne6 31. Nd6 b6 32. Kg1 Bd4+ 33.
Kf1 Kf8 34. Nb5 Bc5 35. Ke2 Ke7 36. Kf3 f6 37. Nc3 Nd4+ 38. Kg3 Nxb3 39. Nd5+
Ke6 40. h4 Nd4 41. h5 gxh5 42. Kh4 Ke5 43. Kxh5 b5 44. axb5 Nxb5 45. g4 a4 0-1

[Event "ch-FRA Blitz Online Qual"]
[Site "Europe-Chess INT"]
[Date "2020.05.16"]
[Round "3"]
[White "Calistri, Tristan"]
[Black "Kollar, Romain"]
[Result "0-1"]
[WhiteTitle "IM"]
[WhiteElo "2288"]
[BlackElo "2205"]
[WhiteFideId "607843"]
[BlackFideId "36017981"]
[EventDate "2020.05.16"]

1. e4 c5 2. Nf3 d6 3. d4 cxd4 4. Nxd4 Nf6 5. Nc3 g6 6. Be3 Bg7 7. f3 O-O 8. Qd2
Nc6 9. O-O-O d5 10. Qe1 e5 11. Nxc6 bxc6 12. exd5 Nxd5 13. Kb1 Qc7 14. Nxd5 cxd5
15. Rxd5 Be6 16. Qa5 Qb7 17. Rb5 Qd7 18. Bd3 f5 19. Qa6 Rfd8 20. Rb7 Qd5 21. b3
Rd6 22. Qa3 e4 23. Bc4 Qe5 24. Bxe6+ Rxe6 25. Rxg7+ Qxg7 26. fxe4 Rxe4 27. Bc1
Rae8 28. Qa5 Qe7 29. Rd1 Re1 30. Qd5+ Qe6 31. Rxe1 Qxd5 32. Rxe8+ Kf7 33. Re2
Qb5 34. Rd2 Qb8 35. h3 g5 36. Bb2 Qb7 37. a4 Kg6 38. Rd6+ Kh5 39. Bg7 Qxg7 0-1

[Event "ch-FRA Blitz Online Qual"]
[Site "Europe-Chess INT"]
[Date "2020.05.16"]
[Round "3"]
[White "Emmenecker, Philippe"]
[Black "Muller, Anthony"]
[Result "0-1"]
[WhiteElo "2100"]
[BlackElo "2278"]
[WhiteFideId "616273"]
[BlackFideId "20682743"]
[EventDate "2020.05.16"]

1. d4 d5 2. Nc3 Nf6 3. Bg5 e6 4. e4 Bb4 5. e5 h6 6. Bc1 Ne4 7. Qg4 Kf8 8. Ne2 c5
9. a3 Nxc3 10. bxc3 Ba5 11. a4 cxd4 12. Ba3+ Kg8 13. f4 Nc6 14. O-O-O dxc3 15.
h4 Qb6 16. Rh3 Bb4 17. Bxb4 Qxb4 18. Nxc3 Nxe5 19. Qh5 Qxf4+ 20. Kb1 Bd7 21. Be2
Qb4+ 22. Kc1 Nc4 23. Bxc4 Qxc4 24. Rf3 Rf8 25. Rdf1 f5 26. g4 Be8 27. gxf5 Bxh5
28. fxe6 Rxf3 0-1

[Event "ch-FRA Blitz Online Qual"]
[Site "Europe-Chess INT"]
[Date "2020.05.16"]
[Round "3"]
[White "Stephan, Victor"]
[Black "Sobry, Sebastien"]
[Result "1-0"]
[WhiteTitle "IM"]
[WhiteElo "2439"]
[BlackElo "2034"]
[WhiteFideId "656666"]
[BlackFideId "622516"]
[EventDate "2020.05.16"]

1. d4 c5 2. d5 d6 3. e4 Nf6 4. Bd3 g6 5. c4 b5 6. cxb5 a6 7. Nf3 Bg7 8. Nc3 O-O
9. O-O axb5 10. Bxb5 Ba6 11. Bxa6 Nxa6 12. a4 Nd7 13. Qe2 Bxc3 14. bxc3 Qc7 15.
Bf4 Nf6 16. c4 Nb4 17. h3 Ra6 18. e5 Nh5 19. Bh6 Rfa8 20. Rfe1 dxe5 21. Nxe5
Rxa4 22. Rxa4 Rxa4 23. Nxf7 Kxf7 24. Qe6+ Ke8 25. d6 1-0

[Event "ch-FRA Blitz Online Qual"]
[Site "Europe-Chess INT"]
[Date "2020.05.16"]
[Round "3"]
[White "Poulet, Benoit"]
[Black "Droin, Augustin"]
[Result "0-1"]
[BlackTitle "FM"]
[WhiteElo "2094"]
[BlackElo "2313"]
[WhiteFideId "26085844"]
[BlackFideId "45105987"]
[EventDate "2020.05.16"]

1. d4 d5 2. Nc3 Nf6 3. Bf4 c6 4. e3 Bf5 5. Nf3 e6 6. Ne5 Nbd7 7. g4 Bg6 8. h4 h6
9. Nxg6 fxg6 10. Bd3 Kf7 11. Qf3 c5 12. g5 hxg5 13. hxg5 Rxh1+ 14. Qxh1 Nh5 15.
Nxd5 cxd4 16. Nc7 Nxf4 17. exf4 Qxc7 18. Qe4 Nc5 19. Qxg6+ Ke7 20. O-O-O Qxf4+
21. Kb1 Nxd3 22. Rxd3 Rc8 23. b3 Qxf2 24. Rh3 Qf5 0-1